000 00477nam a22001457a 4500
005 20251125100630.0
008 251125b |||||||| |||| 00| 0 eng d
020 _a978-1-4067-9690-3
100 _aWIDDICOMBE, KAREN
245 _aTHE ALL ENGLAND LAW REPORTS 2015
260 _aLONDON
_bLEXISNEXIS
_c2015
300 _aXIX, 1174P.
650 _a1. LAW REPORTS, DIGESTS, ETC - ENGLAND AND WALES 2.LAW -ENGLAND AND WALES - CASES 3. COURTS -ENGLAND AND WALES
942 _2lcc
_cREF
999 _c216274
_d216274